000 00603nam a2200205 i 4500
001 88213
003 ES-MaACL
005 20230906175824.0
007 t|
008 050103s1975 sp ||||1| spa d
100 1 _aLaiglesia, Álvaro de.
_969667
245 1 0 _aFulanita y sus menganos
_b: novela /
_cAlvaro de Laiglesia.
250 _a[19ª ed.].
260 _aBarcelona :
_bPlaneta,
_c[1975]
300 _a291 p. ;
_c19 cm.
490 1 _aAutores españoles contemporáneos
830 0 _aAutores españoles contemporáneos
_9180811
852 _aES-MaACL
_jL-6446
_bR.107314
999 _c88213
_d88213